000
00328nam a2200145 a 4500
008
961207s1971||||xx 0 und c
040
_a
SNK
_b
slo
_c
SNK
_e
AACR2
100
1
_a
Ferlinghetti, Lawrence
245
1
0
_a
Ona
260
_a
Bratislava
_b
Smena
_c
1971
300
_a
153 s.
044
_a
xo
_c
SK
041
_a
slo
020
_c
9
999
_c
12096
_d
12096